| 000 | 00780nam a22001457a 4500 | ||
|---|---|---|---|
| 999 |
_c525339 _d525339 |
||
| 008 | 240223b ||||| |||| 00| 0 eng d | ||
| 100 |
_aSahoo, Sahadeva _950072 |
||
| 245 | _aLateralentry into the civil services | ||
| 260 | _aJournal of IIPA Regional Branch, Odisha | ||
| 300 | _a29, 2022: p. 19-27 | ||
| 520 | _aA closed system degenerates, such degeneration is called entropy. In three laws of thermodynamics that sir, Isaac Newton postulated is the off quoted second law which says it simple terms as clergy is transferred or ran formed more and more of it is wasted and rate of such degeneration goes on increasing or at best remains the same over tie. – Reproduced | ||
| 773 | _aJournal of IIPA Regional Branch, Odisha | ||
| 906 | _aCIVIL SERVICES | ||
| 942 | _cAR | ||